Touring exhibitions (Record no. 32)

MARC details
000 -CABECERA
campo de control de longitud fija 00634nam a2200205 a 4500
001 - NÚMERO DE CONTROL
campo de control BRCA_32
005 - FECHA Y HORA DE LA ÚLTIMA TRANSACCIÓN
campo de control 20190320202843.0
008 - DATOS DE LONGITUD FIJA--INFORMACIÓN GENERAL
campo de control de longitud fija 950607s1995 u--a#####b---#001-0#eng-#
041 ## - CÓDIGO DE LENGUA
Código de lengua del texto/banda sonora o título independiente eng
044 ## - CÓDIGO DEL PAÍS DE LA ENTIDAD EDITORA/PRODUCTORA
Código MARC del país u
050 #4 - SIGNATURA TOPOGRÁFICA DE LA BIBLIOTECA DEL CONGRESO
Número de clasificación AM151
Número de documento/Ítem .T68 1995
245 10 - MENCIÓN DE TÍTULO
Título Touring exhibitions
Resto del título the touring exhibitions group´s manual of good practice
Mención de responsabilidad, etc. edited by Mike Sixsmith.
260 ## - PUBLICACIÓN, DISTRIBUCIÓN, ETC.
Lugar de publicación, distribución, etc. Boston
Nombre del editor, distribuidor, etc. Butterworth-Heinemann
Fecha de publicación, distribución, etc. 1995
300 ## - DESCRIPCIÓN FÍSICA
Extensión xviii, 237 p.
Otras características físicas il.
Dimensiones 25 cm.
650 14 - PUNTO DE ACCESO ADICIONAL DE MATERIA--TÉRMINO DE MATERIA
Término de materia o nombre geográfico como elemento de entrada Exposiciones temporales
Subdivisión de forma Manuales
9 (RLIN) 150
650 14 - PUNTO DE ACCESO ADICIONAL DE MATERIA--TÉRMINO DE MATERIA
Término de materia o nombre geográfico como elemento de entrada Exposiciones
Subdivisión de forma Manuales
9 (RLIN) 151
650 14 - PUNTO DE ACCESO ADICIONAL DE MATERIA--TÉRMINO DE MATERIA
Término de materia o nombre geográfico como elemento de entrada Museografía
9 (RLIN) 152
700 1# - PUNTO DE ACCESO ADICIONAL--NOMBRE DE PERSONA
Nombre de persona Sixsmith, Mike
Término indicativo de función/relación ed.
9 (RLIN) 153
942 ## - ELEMENTOS DE PUNTO DE ACCESO ADICIONAL (KOHA)
Fuente del sistema de clasificación o colocación Library of Congress Classification
Tipo de ítem Koha Libros
Holdings
Estado de retiro Estado de pérdida Estado dañado No para préstamo Localización permanente Ubicación/localización actual Fecha de adquisición Total de préstamos Signatura topográfica completa Código de barras Fecha visto por última vez Precio válido a partir de Tipo de ítem Koha
El ejemplar forma parte de la colección y puede ser consultado según las políticas vigentes.       Biblioteca del Museo Franz Mayer (Rogerio Casas-Alatriste) Biblioteca del Museo Franz Mayer (Rogerio Casas-Alatriste) 25/06/2008   AM151 .T68 1995 00027_1 23/03/2019 23/03/2019 Libros